Micah Colman

Waterloo A


Categories

Beliefs0610557095.5026
Fine Arts - Auditory Fine Arts030030113119.6713
03003085100.6733
History - European History1000154545.0001
Philosophy1000155858.0011
History - World History1000156363.0011
Other Arts: Auditory010010106106.0001
Religion010110151151.0001
Current Events010110118118.0001
Geography0101107474.0001
History - American History0100109595.0001
Fine Arts - Visual Fine Arts0010-50.0000

Buzzes

BeliefsCaesarian section-520
History - European HistoryNormans1545
PhilosophyThe Zhuāngzǐ1558
History - World HistoryUmayyad Caliphate1563
BeliefsCupid and Psyche1070
Geographysandstorms1074
copper1085
BeliefsCedar Forest1087
BeliefsCú Chulainn1087
Beliefsrings1087